000 00390 a2200085 4500
245 0 0 _aKompatybilność elektromagnetyczna(EMC) - Metody badań i pomiarów Badanie odporności na serie szybkich elektrycznych stanów przejściowych Podstawowa publikacja EMC PN-EN 61000-4-4 /
_cNKP nr 104.
246 1 3 _aPN-EN 61000-4-4
260 _aWarszawa :
_bNKP nr 104,
_c1999.
300 _a30 stron ;
_c30 cm.
650 _aPolska norma
999 _c19515
_d19515